Регионална библиотека "Любен Каравелов" - Русе

Наръчник на инженера (Запис номер 61671)

MARC детайли
000 -Лидер
Контролно поле с фиксирана дължина nam a22 a 4500
003 - Код на организацията, давaща контролен номер
Контролно поле BLK
005 - Дата и час на последна редакция
Контролно поле 20221208110437.0
008 - Елементи от данни с фиксирана дължина
fixed length control field 180408b bul|||||r ||||||| ||bul||
010 ## - Наследен системен номер
LC control number KNG00065875000
040 ## - Източник на каталожния запис
Идентификатор на билиотеката - собственик на записа BLK
041 ## - Код за език
Код за езика на текст/звукозапис или на отделно заглавие Български
Код за езика КДБФ Български
080 ## - УДК
Текстов определител УДК Техника. Технически науки
УДК код - определител по УДК 62
УДК определител (035)
УДК - код + определител 62(035)
080 ## - УДК
Текстов определител УДК Математика
УДК код - определител по УДК 51
УДК определител (035)
УДК - код + определител 51(035)
100 1# - Редна дума - Автор
Автор Кисьов, Иван Дафинов
Авторска отговорност първи автор
R(LIN) 261234
139 ## - Редно поле
Редна дума Кисьов, Иван Дафинов
Авторски знак Кис - К 60
245 10 - Сведения за заглавието
Заглавие Наръчник на инженера
Подзаглавни данни Ч. 1 -
Редно поле (дума) Иван Дафинов Кисьов.
Том Ч. 1
Заглавие на том Математика
250 ## - Област на изданието
Сведения за изданието 4. изд.
257 ## - Страна на издаване
Страна на създаване/издаване България
260 ## - Област на издателските данни
Име на издателя, разпространителя и проч. Техника
Година на издаване 1979 -
Място на издаване, разпространение и проч. София
300 ## - Физическа характеристика
Размери/Мащаб 25 см
380 ## - Жанр
Жанр Техника
504 ## - Забележка за наличие на библиография и др
Забележка за наличие на библиография и под. 563
650 #4 - Допълнително описание по предмет – тема
Основно описание – тема или топоним Техника
9 (RLIN) 173585
650 #4 - Допълнително описание по предмет – тема
Основно описание – тема или топоним Математика
9 (RLIN) 161297
653 ## - Ключова дума – ненормативна
Ключова дума техника
653 ## - Ключова дума – ненормативна
Ключова дума математика
760 1# - Описание на основната серия
Редна дума на основното описание Кисьов, Иван Дафинов
Издание 4. изд.
Страници - том 572 с. : с черт., табл.
Забележка - том 1. изд. 1952. - Библиогр. с. 563 ; Азб. показалец
Заглавие Ч. 1 Математика
852 ## - Местоположение
Форматна сигнатура Цб 99960
Фондова буква Хранилище
856 4# - Електронен адрес и достъп
Електронен формат pdf - файл
Инструкция (цена за достъп) 0.00
Права за достъп disable
856 4# - Електронен адрес и достъп
Електронен формат pdf - файл
Инструкция (цена за достъп) 0.00
Права за достъп disable
999 ## - СИСТЕМНИ КОНТРОЛНИ НОМЕРА
Koha biblionumber 61671
Koha biblioitemnumber 61671
942 ## - АРТИКУЛИ
Вид на библиотечния материал Книги
Скрит в OPAC Не
Периодичен библиозапис Да
944 ## - СЪЗДАВАНЕ И РЕДАКЦИЯ на ЗАПИСА
Създаване/Редакция Създаване
Дата на регистрацията/редакция 13.06.2004
Служител, извършил регистрацията/редакцията Милена_Ачева
944 ## - СЪЗДАВАНЕ И РЕДАКЦИЯ на ЗАПИСА
Създаване/Редакция Редакция
Дата на регистрацията/редакция 17.06.2009
944 ## - СЪЗДАВАНЕ И РЕДАКЦИЯ на ЗАПИСА
Създаване/Редакция Редакция
Дата на регистрацията/редакция 2022-12-08
999 ## - СИСТЕМНИ КОНТРОЛНИ НОМЕРА
Koha biblioitemnumber 61671
Наличности
Код за отписване Код за изгубен артикул Източник на класификационната схема Код за повреда Коз за рестрикции Код за отдаване Артикулен № Име на библиотеката - собственик Име на библиотеката, в която се намира в момента Статус (Текущо местоположение) Дата на вписване в системата Местоположение - отдел Цена в лева Инвентарен номер Систематично азбучна сигнатура Баркод Номер на екземпляра Цена в евро Служебна бележка Служебен тип на артикула
  Не е изгубен Universal Decimal Classification Не е повреден само за читалня ползва се в читалня 102442 Регионална библиотека "Любен Каравелов" Русе Регионална библиотека "Любен Каравелов" Русе Хранилище 1979-01-01 Хранилище 3.60 289178 Цб 99960 120000289178 1 1.84 Дост: Dp Вид: Д N: стар фонд Дата: 01.01.1979 Книги
Изтеглен Не е изгубен Universal Decimal Classification Не е повреден без рестрикции заемане за дома 102443 Регионална библиотека "Любен Каравелов" Русе Регионална библиотека "Любен Каравелов" Русе Заемна - подръчен фонд 1979-01-01 Заемна - подръчен фонд 3.60 289728 П 62/К 60 289728 2 1.84 Дост: Pk Вид: Ф N: стар фонд Дата: 01.01.1979 Книги
Изтеглен Не е изгубен Universal Decimal Classification Не е повреден без рестрикции заемане за дома 102444 Регионална библиотека "Любен Каравелов" Русе Регионална библиотека "Любен Каравелов" Русе Заемна - подръчен фонд 1979-01-01 Заемна - подръчен фонд 3.60 289729 П 62/К 60 289729 3 1.84 Дост: Pk Вид: Ф N: стар фонд Дата: 01.01.1979 Книги
Изтеглен Не е изгубен Universal Decimal Classification Не е повреден без рестрикции заемане за дома 102445 Регионална библиотека "Любен Каравелов" Русе Регионална библиотека "Любен Каравелов" Русе Заемна - подръчен фонд 1979-01-01 Заемна - подръчен фонд 3.60 289730 П 62/К 60 289730 4 1.84 Дост: Pk Вид: Ф N: стар фонд Дата: 01.01.1979 Книги
Изтеглен Не е изгубен Universal Decimal Classification Не е повреден без рестрикции заемане за дома 102446 Регионална библиотека "Любен Каравелов" Русе Регионална библиотека "Любен Каравелов" Русе Заемна - подръчен фонд 1979-01-01 Заемна - подръчен фонд 3.60 289731 П 62/К 60 289731 5 1.84 Дост: Pk Вид: Ф N: стар фонд Дата: 01.01.1979 Книги
Изтеглен Не е изгубен Universal Decimal Classification Не е повреден без рестрикции заемане за дома 102447 Регионална библиотека "Любен Каравелов" Русе Регионална библиотека "Любен Каравелов" Русе Заемна - подръчен фонд 1979-01-01 Заемна - подръчен фонд 3.60 289732 П 62/К 60 289732 6 1.84 Дост: Pk Вид: Ф N: стар фонд Дата: 01.01.1979 Книги
  Не е изгубен Universal Decimal Classification Не е повреден без рестрикции ползва се в читалня 102448 Регионална библиотека "Любен Каравелов" Русе Регионална библиотека "Любен Каравелов" Русе Читалня 1979-01-01 Читалня 3.60 289733 Ч 62/К 60 120000289733 7 1.84 Дост: Pk Вид: Ф N: стар фонд Дата: 01.01.1979 Дата инв: 24.03.2017 Бележки инв: Ч2017 Книги
Vip Innovations Ltd, Rousse, Bulgaria 2025